Представление документа в формате RUSMARC

ПолеНазваниеЗначение
  Тип записи a
  Библиографический уровень m
001 Контрольный номер RU/SLIB/B/208726323
005 Дата корректировки 20201206204007.6
010 Индекс ISBN __
d Цена 3000-00
101 Язык документа __
a Язык текста rus
c Язык оригинала rus
200 Заглавие и сведения об ответственности 0_
a Заглавие Незабываемое
f Первые сведения об ответственности Ларина А. М.
b Общее обозначение материала Текст
210 Выходные данные __
a Место издания М.
c Издательство АПН
d Дата издания 1989
215 Физическое описание __
a Объем 366 с.
c Иллюстрации/тип воспроизводства ил.
606 Тематические рубрики __
a Основная рубрика История
y Географическая подрубрика Россия
606 Тематические рубрики __
a Основная рубрика История России и СССР (октябрь 1917 - 1991 г.)
610 Ключевые слова __
a Ключевые слова мемуары; персоналии; воспоминания; политические деятели; коммунисты; политические репрессии; политические режимы
686 Индексы других классификаций __
a Классификационный индекс 63.3(2)6-361
700 Автор _1
a Фамилия Ларина
b Имя А. М.
g Полное личное имя Бухарина, А. М.
4 Код отношения 070
801 Источник записи _0
a Страна RU
b Организация Муниципальное бюджетное учреждение культуры "Централизованная библиотечная система" г. Сургут (Центральная городская библиотека им. А. С. Пушкина)
g Правила каталогизации КиК/Елгина
801 Источник записи _1
a Страна RU
b Организация Муниципальное бюджетное учреждение культуры "Централизованная библиотечная система" г. Сургут (Центральная городская библиотека им. А. С. Пушкина)
g Правила каталогизации КиК/Елгина
852 Данные о местонахождении __
j Шифр хранения 63.3(2)6-361
c Каталожный индекс 63.3(2)6-4
i Авторский знак Л 25
p Инвентарный номер 65397
901 Тип документа __
t Тип документа m
990 Данные о заказе (DOS) __
j Количество экземпляров (DOS) 1